| 000 | 00000nas 2200000za 4500 |
| 001 | 9.819643 |
| 003 | CaOODSP |
| 005 | 20221107143020 |
| 007 | cr ||||||||||| |
| 008 | 160616d19911991oncar p oss f000#a0eng|d |
| 022 | |y1195-9991 |
| 040 | |aCaOODSP|beng |
| 041 | |aeng|afre |
| 043 | |an-cn--- |
| 086 | 1 |aCS61-222-PDF |
| 245 | 00|aCorporations |h[electronic resource] : |baspects of foreign control, provincial distribution / |cStatistics Canada, Industrial Organization and Finance Division, Corporations Section = Sociétés : aspects du contrôle étranger, répartition provinciale / Statistique Canada, Division de l'organisation et des finances de l'industrie, Section des personnes morales. |
| 246 | 11|aSociétés : |baspects du contrôle étranger, répartition provinciale |
| 246 | 14|aCalura, corporations, aspects of foreign control, provincial distribution |
| 246 | 14|aCalura, sociétés, aspects du contrôle étranger, répartition provinciale |
| 260 | |aOttawa : |bStatistics Canada = Statistique Canada, |c1995. |
| 310 | |aAnnual |
| 362 | 0 |a1988/1991. |
| 500 | |aDigitized edition from print [produced by Statistics Canada]. |
| 546 | |aText in English and French. |
| 692 | 07|2gccst|aCorporations |
| 692 | 07|2gccst|aBusinesses |
| 710 | 1 |aCanada.|bStatistics Canada.|bCorporations Section. |
| 792 | |tCorporations |efre|w(CaOODSP)9.819646 |